Роль PR в коммерческой деятельности в России; Актуальные проблемы гуманитарных наук

Dettagli Bibliografici
Parent link:Актуальные проблемы гуманитарных наук.— 2005.— С. 325-327
Autore principale: Задорожная Ю. Ф.
Altri autori: Куликов В.
Lingua:russo
Pubblicazione: 2005
Soggetti:
Natura: MixedMaterials Capitolo di libro
KOHA link:https://koha.lib.tpu.ru/cgi-bin/koha/opac-detail.pl?biblionumber=139847

MARC

LEADER 00000naa2a2200000 4500
001 139847
005 20231031141856.0
035 |a (RuTPU)RU\TPU\book\151494 
090 |a 139847 
100 |a 20080611d2005 k y0rusy50 ca 
101 0 |a rus 
102 |a RU 
200 1 |a Роль PR в коммерческой деятельности в России  |f Ю. Ф. Задорожная , В. Куликов 
320 |a Библиогр.: 3 назв. 
463 0 |0 (RuTPU)RU\TPU\book\118298  |t Актуальные проблемы гуманитарных наук  |o труды IV международной научно-практической конференции студентов, аспирантов и молодых ученых, 20-21 апреля 2005, Томск  |f Томский политехнический университет  |v С. 325-327  |d 2005  |p 458 с. 
610 1 |a коммерческая деятельность 
610 1 |a коммерция 
610 1 |a связи с общественностью 
610 1 |a пиар 
610 1 |a общественное мнение 
610 1 |a имидж 
610 1 |a фирмы 
610 1 |a потребители 
610 1 |a запросы 
610 1 |a труды учёных ТПУ 
700 1 |a Задорожная  |b Ю. Ф. 
701 1 |a Куликов  |b В. 
801 1 |a RU  |b 63413507  |c 20080611  |g PSBO 
942 |c BK